00638 2200241 4500001002100000005001500021035002000036007000300056008004100059020002200100082001000122084001600132100001700148245004700165250002600212260003100238300004700269700001600316700001200332600002000344990001600364990001600380INLIS00000000000003320220514093933 a0010-0522000015ta220514 b 0 ind  a978-602-434-023-0 a372.2 a372.2 IRE k0 aIrene M.J.A.1 aKegiatanku 1c Edisi Revisi /cIrene M.J.A. aKurikulum 2013 Revisi aJakarta :bErlangga,c2016 a120 halaman :bilustrasi berwarna ;c26 cm0 aDwi Tyas U.0 aWini K. 4aTematik Terpadu a00000000031 a00000000032